Les 5 principales formes de Vie - Statistiques

Statistiques générales
  • Ce quiz a été pris 524 fois
  • Le résultat moyen est 3 sur 5
Statistiques - réponses
Formes de Vie % Correct
Les Animaux et êtres Humains
95%
Les Végétaux
93%
Les Bactéries et Microbes
73%
Les Champignons
53%
Les Coraux et Éponges
6%
Aucun quiz correspondant
Distribution des résultats
% des personnes avec chaque résultat
Percentile par nombre de réponses
Votre historique - résultats
Vous n’avez pas pris ce quiz